000 00802nam a22002297a 4500
999 _c174776
_d174776
005 20200810113212.0
010 _aB-732615
020 _a9788194309581
_c390.00
035 _aB-732615
037 _bDBAD//PUB
_adpl
082 _a270
100 _aWahiduddin Khan
245 _aThe secret of success /
_cby Wahiduddin Khan ; translated and edited by Farida Khanam, Naghma Siddiqi [and] Maria Khan
260 _aNew Delhi
_bGoodword Books
_c2020
270 _a1, Nizamuddin West Market
_bNew Delhi
_e110013
300 _a332p.
_c20cm(pbk)
700 _aFarida Khanam
700 _aNaghma Siddiqi
700 _aMaria Khan
942 _2ddc
_cEN
_h270
_mWAH